| 000 | 00742nam a2200217 i 4500 | ||
|---|---|---|---|
| 001 | 14213 | ||
| 003 | ES-MaACL | ||
| 005 | 20240607062952.0 | ||
| 007 | t| | ||
| 008 | 980702s1982 sp |||| | spa j | ||
| 020 | _a84-7483-266-7 | ||
| 080 | _a821.134.2-14"19" | ||
| 100 | 1 |
_aLuis, Leopoldo de, _d1918-2005 _974682 |
|
| 245 | 1 | 0 |
_aLeopoldo de Luis / _c[edición de] Concha Zardoya. |
| 260 |
_a[Madrid] : _bDirección General de Promoción del Libro y la Cinematografía, _c[1982] |
||
| 300 |
_a165 p. : _bil. ; _c18 cm. |
||
| 700 | 1 |
_aZardoya, Concha, _d1914-2004 _9118071 |
|
| 710 | 1 |
_aEspaña. _bDirección General de Promoción del Libro y la Cinematografía. _93772 |
|
| 852 |
_aES-MaACL _jL-21459 |
||
| 999 |
_c14213 _d14213 |
||